Περί ευστάθειας λύσεων διαφορικών εξισώσεων : πτυχιακή εργασία
Σε αυτή την πτυχιακή παρουσιάζεται η ποιοτική θεωρία διαφορικών εξι-σώσεων η οποία μελετά τις γεωμετρικές ιδιότητες των λύσεων, την ασυμπτωτικήσυμπεριφορά τους και την ευστάθεια αυτών. Η μελέτη αυτή μπορεί να γίνει χωρίςτην γνώση των ίδιων των λύσεων ή την δυνατότητα επίλυσης της αντίστοιχης ε-ξίσωσ...
Αποθηκεύτηκε σε:
| Κύριος συγγραφέας: | |
|---|---|
| Συγγραφή απο Οργανισμό/Αρχή: | |
| Μορφή: | Thesis Βιβλίο |
| Γλώσσα: | Greek |
| Δημοσίευση: |
2012.
|
| Θέματα: | |
| Διαθέσιμο Online: | http://hdl.handle.net/11610/8023 |
| Ετικέτες: |
Προσθήκη ετικέτας
Δεν υπάρχουν, Καταχωρήστε ετικέτα πρώτοι!
|
MARC
| LEADER | 00000cam a2200000 i 4500 | ||
|---|---|---|---|
| 001 | 1/20400 | ||
| 008 | 120612s2012 gr | ||| |||| ||gre|| | ||
| 035 | |l 10112700 | ||
| 040 | |a GR-MyUA |b gre |e AACR2 | ||
| 041 | 0 | |a gre | |
| 082 | 0 | |a 515.35 |2 (22) | |
| 100 | 1 | |a Σημαιοφορίδης, Ευθύμιος. | |
| 245 | 1 | 0 | |a Περί ευστάθειας λύσεων διαφορικών εξισώσεων : |b πτυχιακή εργασία / |c Ευθύμιος Σημαιοφορίδης ; επιβλέπων καθηγητής Ευάγγελος Στεφανόπουλος. |
| 260 | |c 2012. | ||
| 300 | |a 40 σ. : |b σχέδια ; |c 30 εκ. | ||
| 500 | |a Μέλη της εξεταστικής επιτροπής: Καραχάλιος Νικόλαος, Στεφανόπουλος Ευάγγελος, Χουσιάδας Κωνσταντίνος. | ||
| 502 | |a Πτυχιακή εργασία – Πανεπιστήμιο Αιγαίου, Σάμος, 2011. | ||
| 504 | |a Περιέχει βιβλιογραφικές αναφορές. | ||
| 506 | 0 | |a Διάθεση πλήρους κειμένου ; |d Ενδοπανεπιστημιακή δημοσίευση. | |
| 520 | |a Σε αυτή την πτυχιακή παρουσιάζεται η ποιοτική θεωρία διαφορικών εξι-σώσεων η οποία μελετά τις γεωμετρικές ιδιότητες των λύσεων, την ασυμπτωτικήσυμπεριφορά τους και την ευστάθεια αυτών. Η μελέτη αυτή μπορεί να γίνει χωρίςτην γνώση των ίδιων των λύσεων ή την δυνατότητα επίλυσης της αντίστοιχης ε-ξίσωσης. Η ποιοτική θεωρία αναπτύχθηκε απ' τους Poincare και Lyapunov στιςαρχές του 1800, κάτι το οποίο ήταν αναγκαίο αφού μέσω της θεωρίας αυτής απαν-τήθηκαν πολλά ερωτήματα που έχουν να κάνουν με την γεωμετρική συμπεριφοράτων λύσεων διαφορικών εξισώσεων. | ||
| 540 | |a Κλειδωμένη η δυνατότητα αντιγραφής (copy) του κειμένου. | ||
| 610 | 2 | 0 | |a University of the Aegean |x Dissertations. |
| 650 | 0 | 0 | |a Differential equations. |
| 650 | 0 | 0 | |a Stability. |
| 650 | 0 | 0 | |a Dissertations, Academic |z Greece. |
| 700 | 1 | |a Στεφανόπουλος, Ευάγγελος, |e dgs | |
| 710 | 2 | |a Πανεπιστήμιο Αιγαίου. |b Σχολή Θετικών Επιστημών. |b Τμήμα Μαθηματικών. | |
| 852 | |a INST |b SAMOS |c DIATR |e 20120612 |h 515.35 ΣΗΜ |p 005300033731 |q 005300033731 |t DIE |y 23 | ||
| 852 | |a INST |b SAMOS |c DIATR |e 20120612 |h 515.35 ΣΗΜ |p 005300033732 |q 005300033732 |t DIE |y 23 | ||
| 856 | |u http://hdl.handle.net/11610/8023 | ||
| 901 | |a BIBL3-2012-2 | ||
| 909 | |a Σ |b 172354 | ||
| 909 | |a Σ |b 172355 | ||
| 924 | |a ΣΗΜΑΙΟΦΟΡΙΔΗΣ |b ΕΥΘΥΜΙΟΣ |y Σάμος |z 2012-05 | ||
| 970 | |a ΚΟΣΙΕΡΗΣ |b ΧΡΗΣΤΟΣ |z 2012/06/12 | ||